<?xml version="1.0" encoding="UTF-8"?>
<record
    xmlns:xsi="http://www.w3.org/2001/XMLSchema-instance"
    xsi:schemaLocation="http://www.loc.gov/MARC21/slim http://www.loc.gov/standards/marcxml/schema/MARC21slim.xsd"
    xmlns="http://www.loc.gov/MARC21/slim">

  <leader>00256nam a2200097Ia 4500</leader>
  <controlfield tag="001">1251705</controlfield>
  <controlfield tag="005">20251031150920.0</controlfield>
  <controlfield tag="008">251031s9999    xx            000 0 und d</controlfield>
  <datafield tag="245" ind1=" " ind2="0">
    <subfield code="c">MARKENZ&#x130;E CADENHEAD</subfield>
    <subfield code="a">&#x15E;-1 YEN&#x130; YIL HED&#x130;YES&#x130;</subfield>
  </datafield>
  <datafield tag="260" ind1=" " ind2=" ">
    <subfield code="b">BETA YAYINLARI</subfield>
  </datafield>
  <datafield tag="999" ind1=" " ind2=" ">
    <subfield code="c">1251705</subfield>
    <subfield code="d">1251705</subfield>
  </datafield>
  <datafield tag="952" ind1=" " ind2=" ">
    <subfield code="0">0</subfield>
    <subfield code="1">0</subfield>
    <subfield code="4">0</subfield>
    <subfield code="7">0</subfield>
    <subfield code="a">1104</subfield>
    <subfield code="b">1104</subfield>
    <subfield code="d">2025-10-30</subfield>
    <subfield code="l">0</subfield>
    <subfield code="o">&#x15E;-1 / GENEL 2</subfield>
    <subfield code="p">11048690002014741</subfield>
    <subfield code="r">2025-12-17 10:47:51</subfield>
    <subfield code="w">2025-10-31</subfield>
    <subfield code="y">BK</subfield>
  </datafield>
</record>
